000 00526nam a22001817a 4500
005 20251108175718.0
008 250721s2019 xx 000 0 ara d
082 1 4 _aط/ق/ناص
100 1 _aناصر، أمل
245 1 0 _aفي حقيبة /
264 1 _aلبنان :
_bدار البنان،
_c2019.
300 _a20ص.
650 1 7 _aالقصص القصيره
653 _aاطفال مرحلة متوسطه (6-9)سنوات
700 1 _aبسيوني، كاملة
_eرسام
942 _2ddc
_cBK
999 _c140606
_d140606